[Event "City of Culture GM"]
[Site "Donostia ESP"]
[Date "2009.07.07"]
[Round "1"]
[White "Vachier Lagrave,M"]
[Black "Kasimdzhanov,R"]
[Result "1-0"]
[WhiteElo "2703"]
[BlackElo "2672"]
[EventDate "2009.07.07"]

1. e4 c5 2. Nf3 d6 3. d4 cxd4 4. Nxd4 Nf6 5. Nc3 g6 6. Be3 Bg7 7. f3 O-O 8.
Qd2 Nc6 9. Bc4 Bd7 10. Bb3 Rc8 11. O-O-O Ne5 12. Kb1 Re8 13. h4 h5 14. g4
hxg4 15. h5 Nxh5 16. Bh6 e6 17. Rdg1 g3 18. Rxh5 gxh5 19. Rxg3 Ng6 20. Nf5
Bf6 21. Nxd6 Rc6 22. Nxe8 Bxe8 23. Qh2 h4 24. Rg2 Bxc3 25. bxc3 Qd1+ 26.
Bc1 Qxf3 27. Rg1 Kh7 28. Qb8 Bd7 29. Qd8 Bc8 30. Qg5 Kg8 31. Qxh4 b6 32.
Qe7 Kg7 33. Qxa7 e5 34. Rg5 Rf6 35. Qc7 Be6 36. Qxe5 Kg8 37. Qd4 Bxb3 38.
axb3 Re6 39. Qd8+ Kg7 40. c4 Rxe4 41. Qd5 Qe2 42. Bb2+ Kh6 43. Rg1 Qf3 44.
Bd4 b5 45. Bf6 bxc4 46. Qxf7 1-0

[Event "City of Culture GM"]
[Site "Donostia ESP"]
[Date "2009.07.08"]
[Round "2"]
[White "Movsesian,S"]
[Black "Vallejo Pons,F"]
[Result "1/2-1/2"]
[WhiteElo "2716"]
[BlackElo "2693"]
[EventDate "2009.07.07"]

1. e4 e6 2. d4 d5 3. e5 c5 4. c3 Nc6 5. Nf3 Qb6 6. Be2 cxd4 7. cxd4 Nh6 8.
Bd3 Nf5 9. Bxf5 exf5 10. O-O h6 11. Nc3 Be6 12. h4 Be7 13. Ne2 Rc8 14. b3
g6 15. Bf4 Kf8 16. Qd2 Kg7 17. Rfc1 Qa5 18. Qe3 Qd8 19. g3 Ba3 20. Rc2 Nb4
21. Rxc8 Qxc8 22. Qd2 Qc2 23. Qxc2 Nxc2 24. Rd1 Rc8 25. Bd2 Be7 26. Rc1 Ba3
27. Rd1 Be7 28. Rc1 Ba3 1/2-1/2

[Event "City of Culture GM"]
[Site "Donostia ESP"]
[Date "2009.07.08"]
[Round "2"]
[White "Kasimdzhanov,R"]
[Black "Svidler,P"]
[Result "1/2-1/2"]
[WhiteElo "2672"]
[BlackElo "2739"]
[EventDate "2009.07.07"]

1. d4 Nf6 2. c4 g6 3. Nc3 d5 4. Bf4 Bg7 5. e3 c5 6. dxc5 Qa5 7. Rc1 dxc4 8.
Bxc4 O-O 9. Nf3 Nc6 10. O-O Qxc5 11. Bb3 Qa5 12. h3 Bf5 13. Qe2 Ne4 14. g4
Nxc3 15. bxc3 Bd7 16. Rfd1 Rad8 17. Rd5 Qb6 18. Rb1 Bc8 19. Rb5 Qa6 20. Bc4
Qa3 21. R5b3 Qc5 22. Rb5 Qa3 23. R5b3 Qc5 24. Rb5 1/2-1/2

[Event "City of Culture GM"]
[Site "Donostia ESP"]
[Date "2009.07.09"]
[Round "3"]
[White "Vachier Lagrave,M"]
[Black "Karpov,Ana"]
[Result "1-0"]
[WhiteElo "2703"]
[BlackElo "2644"]
[EventDate "2009.07.07"]

1. e4 e5 2. Nf3 Nf6 3. Nxe5 d6 4. Nf3 Nxe4 5. d4 d5 6. Bd3 Be7 7. O-O Nd6
8. Ne5 O-O 9. Qf3 c6 10. Re1 Nd7 11. Bf4 Re8 12. Nd2 Nf8 13. c4 dxc4 14.
Ndxc4 Be6 15. Ne3 f6 16. N5g4 Nf7 17. d5 cxd5 18. Bb5 Bd7 19. Bxd7 Qxd7 20.
Nxd5 Bd8 21. Rxe8 Qxe8 22. Qb3 b6 23. Nge3 Rc8 24. Nf5 Rc6 25. Bd6 Ng6 26.
Bb4 Re6 27. h4 a5 28. Bc3 a4 29. Qc4 h5 30. Rd1 Nf8 31. Nf4 b5 32. Qd5 Rb6
33. Nxh5 Qc6 34. Qxc6 Rxc6 35. Nhxg7 Rc4 36. Nh5 Nh7 37. a3 1-0

[Event "City of Culture GM"]
[Site "Donostia ESP"]
[Date "2009.07.09"]
[Round "3"]
[White "Vallejo Pons,F"]
[Black "Kasimdzhanov,R"]
[Result "1/2-1/2"]
[WhiteElo "2693"]
[BlackElo "2672"]
[EventDate "2009.07.07"]

1. e4 e5 2. Nf3 Nf6 3. Nxe5 d6 4. Nf3 Nxe4 5. d4 d5 6. Bd3 Nc6 7. O-O Be7
8. c4 Nb4 9. cxd5 Nxd3 10. Qxd3 Qxd5 11. Re1 Bf5 12. Nc3 Nxc3 13. Qxc3 Be6
14. Re5 Qc6 15. Qa5 Rd8 16. Bg5 Bxg5 17. Nxg5 O-O 18. Nxe6 fxe6 19. Qc3
1/2-1/2

[Event "City of Culture GM"]
[Site "Donostia ESP"]
[Date "2009.07.11"]
[Round "4"]
[White "Movsesian,S"]
[Black "Ponomariov,R"]
[Result "0-1"]
[WhiteElo "2716"]
[BlackElo "2727"]
[EventDate "2009.07.07"]

1. e4 c5 2. Nf3 d6 3. d4 cxd4 4. Nxd4 Nf6 5. Nc3 a6 6. h3 e6 7. g4 Be7 8.
Bg2 Nfd7 9. Be3 Nc6 10. Qe2 Nxd4 11. Bxd4 O-O 12. O-O-O b5 13. e5 d5 14.
Nxd5 exd5 15. Bxd5 Rb8 16. Ba7 Rb7 17. Bxb7 Bxb7 18. Rhe1 Qc7 19. Kb1 Nc5
20. Bxc5 Qxc5 21. f4 Bd5 22. Qe3 Qc6 23. f5 Bh4 24. Re2 h6 25. b3 Bf3 26.
Rd6 Qa8 27. Rh2 Re8 28. Qf4 Bg5 29. Qd4 Be7 30. Rd7 Qb8 31. Qc3 Ba3 32. e6
Rc8 33. exf7+ Kf8 34. Qa5 Be7 35. Qe1 Bc5 36. f6 g5 37. Rhd2 Bc6 38. Re7
Qf4 39. Qe6 Qf1+ 40. Kb2 Ba3+ 41. Kxa3 Qc1+ 42. Kb4 Qxd2+ 43. c3 a5+ 44.
Kxa5 Qxc3+ 45. Ka6 Ra8+ 46. Kb6 Qd4+ 47. Kc7 Qd8+ 48. Kxc6 Ra6+ 49. Kc5
Rxe6 50. Rxe6 Qa5 51. Re7 Qxa2 0-1

[Event "City of Culture GM"]
[Site "Donostia ESP"]
[Date "2009.07.11"]
[Round "4"]
[White "Kasimdzhanov,R"]
[Black "San Segundo Carrillo,P"]
[Result "1/2-1/2"]
[WhiteElo "2672"]
[BlackElo "2570"]
[EventDate "2009.07.07"]

1. e4 c5 2. Nf3 Nc6 3. Nc3 Nf6 4. Bb5 g6 5. e5 Ng4 6. Bxc6 dxc6 7. h3 Nh6
8. g4 Bg7 9. d3 O-O 10. Be3 f5 11. g5 Nf7 12. Bf4 Qb6 13. b3 Nd8 14. Ne2
Be6 15. c4 Bf7 16. Qd2 Ne6 17. O-O Rfd8 18. Bg3 a5 19. Nf4 a4 20. Qc2 Rd7
21. Rfd1 Qa7 22. Rab1 axb3 23. axb3 Qa2 24. Rb2 Qa5 25. Nxe6 Bxe6 26. Bf4
Qd8 27. Qc3 Qa5 28. Qxa5 Rxa5 29. Kf1 Kf7 30. Ke2 Rd8 31. Kd2 Ra3 32. Kc3
b6 33. Rbd2 Rc8 34. h4 Ra5 35. Rh1 Rca8 36. h5 gxh5 37. Rxh5 Kg6 38. Rh3 b5
39. Rb2 Ra1 40. Nh4+ Kf7 41. Nf3 Kg6 42. Nh4+ Kf7 43. Nf3 1/2-1/2

[Event "City of Culture GM"]
[Site "Donostia ESP"]
[Date "2009.07.11"]
[Round "4"]
[White "Vachier Lagrave,M"]
[Black "Svidler,P"]
[Result "0-1"]
[WhiteElo "2703"]
[BlackElo "2739"]
[EventDate "2009.07.07"]

1. e4 e5 2. Nf3 Nc6 3. Bb5 a6 4. Ba4 Nf6 5. O-O Be7 6. Re1 b5 7. Bb3 O-O 8.
c3 d5 9. exd5 Nxd5 10. Nxe5 Nxe5 11. Rxe5 c6 12. d4 Bd6 13. Re1 Qh4 14. g3
Qh3 15. Re4 g5 16. Qf1 Qh5 17. Nd2 f5 18. Re1 f4 19. Bd1 f3 20. Ne4 Bh3 21.
Qd3 Rae8 22. Bd2 Rxe4 23. Qxe4 Bxg3 24. Bxf3 Bxh2+ 25. Kxh2 Bg4+ 26. Kg1
Bxf3 27. Qe6+ Kg7 28. Qe5+ Rf6 29. Qh2 Rh6 0-1

[Event "City of Culture GM"]
[Site "Donostia ESP"]
[Date "2009.07.12"]
[Round "5"]
[White "Svidler,P"]
[Black "Karpov,Ana"]
[Result "1-0"]
[WhiteElo "2739"]
[BlackElo "2644"]
[EventDate "2009.07.07"]

1. e4 e5 2. Nf3 Nf6 3. d4 Nxe4 4. Bd3 d5 5. dxe5 Nc6 6. O-O Bg4 7. Nc3 Nxc3
8. bxc3 Be7 9. Bf4 Qd7 10. Rb1 Nd8 11. h3 Bh5 12. g4 Bg6 13. Bg3 Bxd3 14.
cxd3 h5 15. e6 Nxe6 16. Ne5 Qc8 17. f4 h4 18. Bh2 O-O 19. g5 g6 20. f5 Nxg5
21. f6 Bd6 22. Qd2 Nxh3+ 23. Kh1 Bxe5 24. Bxe5 Kh7 25. Qg2 g5 26. Rf3 Rg8
27. Rxh3 Rg6 28. Rf1 Qe6 29. d4 Rag8 30. Re3 c6 31. Qe2 g4 32. Bc7 Qc8 33.
Re7 Rg5 34. Rxf7+ Kg6 35. Qd3+ 1-0

[Event "City of Culture GM"]
[Site "Donostia ESP"]
[Date "2009.07.13"]
[Round "6"]
[White "Nakamura,Hi"]
[Black "Ponomariov,R"]
[Result "1/2-1/2"]
[WhiteElo "2710"]
[BlackElo "2727"]
[EventDate "2009.07.07"]

1. e4 c5 2. Nf3 d6 3. d4 cxd4 4. Nxd4 Nf6 5. Nc3 a6 6. Bg5 e6 7. f4 Nbd7 8.
Qf3 Qc7 9. O-O-O b5 10. e5 Bb7 11. Qh3 dxe5 12. Nxe6 fxe6 13. Qxe6+ Be7 14.
Bxb5 1/2-1/2

[Event "City of Culture GM"]
[Site "Donostia ESP"]
[Date "2009.07.13"]
[Round "6"]
[White "Svidler,P"]
[Black "Vallejo Pons,F"]
[Result "1/2-1/2"]
[WhiteElo "2739"]
[BlackElo "2693"]
[EventDate "2009.07.07"]

1. e4 e5 2. Nf3 Nc6 3. Bb5 Nf6 4. d3 Bc5 5. Bxc6 dxc6 6. h3 Nd7 7. Nbd2 f6
8. Nc4 Nf8 9. a3 Be6 10. Qe2 Bxc4 11. dxc4 Ne6 12. O-O 1/2-1/2

[Event "City of Culture GM"]
[Site "Donostia ESP"]
[Date "2009.07.14"]
[Round "7"]
[White "Movsesian,S"]
[Black "Kasimdzhanov,R"]
[Result "1/2-1/2"]
[WhiteElo "2716"]
[BlackElo "2672"]
[EventDate "2009.07.07"]

1. e4 e5 2. Nf3 Nf6 3. Nxe5 d6 4. Nf3 Nxe4 5. Bd3 Nf6 6. O-O Be7 7. h3 O-O
8. c3 b6 9. Bc2 Bb7 10. d4 Nbd7 11. a4 a6 12. Re1 Re8 13. Bg5 h6 14. Bh4
Nh5 15. Qd3 Nf8 16. Bxe7 Rxe7 17. Nbd2 Nf6 18. Bb3 Rxe1+ 19. Rxe1 Qd7 20.
Re3 Re8 21. Qe2 Rxe3 22. Qxe3 a5 23. Bd1 Bc6 24. b3 Nd5 1/2-1/2

[Event "City of Culture GM"]
[Site "Donostia ESP"]
[Date "2009.07.16"]
[Round "9"]
[White "Movsesian,S"]
[Black "Vachier Lagrave,M"]
[Result "1/2-1/2"]
[WhiteElo "2716"]
[BlackElo "2703"]
[EventDate "2009.07.07"]

1. e4 c5 2. Nf3 d6 3. d4 cxd4 4. Nxd4 Nf6 5. Nc3 a6 6. Be2 e6 7. O-O Be7 8.
f4 O-O 9. a4 Nc6 10. Be3 Qc7 11. Kh1 Re8 12. Bf3 Rb8 13. Qd2 Bd7 14. Qf2
Nxd4 15. Bxd4 e5 16. Bb6 Qc4 17. fxe5 dxe5 18. Nd5 Rbc8 19. Rad1 Nxd5 20.
exd5 Qxc2 21. Rd2 Qxa4 22. d6 Bh4 23. g3 Bf6 1/2-1/2